UBT Library

Histological typing of tumours of the eye and its adnexa / (Record no. 42171)

000 -LEADER
fixed length control field 00870pam a2200241 a 4500
001 - CONTROL NUMBER
control field 3560890
005 - DATE AND TIME OF LATEST TRANSACTION
control field 20180208090520.0
008 - FIXED-LENGTH DATA ELEMENTS--GENERAL INFORMATION
fixed length control field 980605s1998 gw a b 001 0 eng c
010 ## - LIBRARY OF CONGRESS CONTROL NUMBER
LC control number 98026176
020 ## - INTERNATIONAL STANDARD BOOK NUMBER
International Standard Book Number 3540641319 (acidfree paper)
040 ## - CATALOGING SOURCE
Original cataloging agency DNLM/DLC
Transcribing agency DLC
Modifying agency DLC
041 ## - LANGUAGE CODE
Language code of text/sound track or separate title eng
060 10 - NATIONAL LIBRARY OF MEDICINE CALL NUMBER
Classification number WW 149
Item number C189h 1998
080 ## - UNIVERSAL DECIMAL CLASSIFICATION NUMBER
Universal Decimal Classification number 616.9928407583 WHO
082 00 - DEWEY DECIMAL CLASSIFICATION NUMBER
Classification number 616.9928407583 WHO
Edition number 21
100 1# - Rafti
Rafti 9
101 ## - Shkurtesa
Shkurtesa HIS
245 10 - TITLE STATEMENT
Title Histological typing of tumours of the eye and its adnexa /
Statement of responsibility, etc R.J. Campbell ; in collaboration with L.H. Sobin and pathologists in 11 countries.
504 ## - BIBLIOGRAPHY, ETC. NOTE
Bibliography, etc Includes bibliographical references and index.
906 ## - LOCAL DATA ELEMENT F, LDF (RLIN)
a 7
b cbc
c orignew
d 1
e ocip
f 19
g y-gencatlg
942 ## - ADDED ENTRY ELEMENTS (KOHA)
Source of classification or shelving scheme
Item type Books
Holdings
Withdrawn status Lost status Source of classification or shelving scheme Damaged status Not for loan Collection code Permanent location Current location Shelving location Date acquired Total Checkouts Full call number Barcode Date last seen Price effective from Koha item type
          Koleksioni i përgjithshem UBT - Lipjan UBT - Lipjan Koleksioni i përgjithshem 02/08/2018   616.9928407583 WHO 002-2998907 02/08/2018 02/08/2018 Books
          Koleksioni i përgjithshem UBT - Lipjan UBT - Lipjan Koleksioni i përgjithshem 02/08/2018   616.9928407583 WHO 002-2998912 02/08/2018 02/08/2018 Books
          Koleksioni i përgjithshem UBT - Lipjan UBT - Lipjan Koleksioni i përgjithshem 02/08/2018   616.9928407583 WHO 002-2998888 02/08/2018 02/08/2018 Books
          Koleksioni i përgjithshem UBT - Lipjan UBT - Lipjan Koleksioni i përgjithshem 02/08/2018   616.9928407583 WHO 002-2998893 02/08/2018 02/08/2018 Books
UBT Library © 2015-2024. All rights reserved University Education for Business and Technology